Crónicas del viejo Valparaíso
Sparad:
| Huvudupphovsman: | |
|---|---|
| Materialtyp: | Bok |
| Språk: | spanska |
| Publicerad: |
Valparaíso
Ediciones Universitarias de Valparaíso
2003
|
| Upplaga: | 2a. ed |
| Serie: | Colección Quintil
|
| Ämnen: | |
| Taggar: |
Lägg till en tagg
Inga taggar, Lägg till första taggen!
|
MARC
| LEADER | 00000cam a2200000 a 4500 | ||
|---|---|---|---|
| 001 | UCM8356 | ||
| 003 | CL-VaPUC | ||
| 005 | 20250221124000.0 | ||
| 008 | 030307e20030100CL |||||||||||||||||spa|d | ||
| 999 | |c 302891 |d 302889 | ||
| 020 | |a 9561703335 | ||
| 040 | |c Pontificia Universidad Católica de Valparaíso | ||
| 082 | 0 | 4 | |a 983.255 LED 2003 |2 21 |
| 100 | |a Le Dantec Brugger, Francisco |e author |9 554303 | ||
| 245 | 1 | 0 | |a Crónicas del viejo Valparaíso |
| 250 | |a 2a. ed | ||
| 260 | |a Valparaíso |b Ediciones Universitarias de Valparaíso |c 2003 | ||
| 300 | |a 374 p | ||
| 490 | 0 | |a Colección Quintil | |
| 500 | |a Contiene más de 300 imágenes | ||
| 583 | |a last modification |c 20171110 12:21:34 |k Rodrigo Vera | ||
| 600 | 0 | |a Keller M., Mabel |2 CL-VaPUC |9 755709 |e author | |
| 600 | 0 | |a Vial de los Heros, Sara |2 CL-VaPUC |9 307960 |e author | |
| 650 | 0 | |a Historia de Valparaíso |9 460237 | |
| 650 | 0 | |a Historia local |9 266584 | |
| 650 | 0 | |a Ciudades |9 265474 | |
| 650 | 0 | |a Valparaíso histórico |9 266586 | |
| 650 | 0 | |a Antropología cultural y social |9 265143 | |
| 650 | 0 | |a Inmigración |9 268290 | |
| 650 | 0 | |a Terremotos |9 267728 | |
| 650 | 0 | |a Jesuitas |9 268366 | |
| 650 | 0 | |a Catástrofes naturales |2 CL-VaPUC |9 268107 | |
| 650 | 0 | |a Iconografía |9 267998 | |
| 651 | 0 | |a Viña del Mar |9 327030 |z Chile | |
| 651 | 0 | |a Valparaíso, Chile |9 261144 | |
| 942 | |c BK |2 ddc | ||
| 945 | |d 20030307 00:00:00 |a cmena | ||
| 952 | |0 0 |1 0 |4 0 |6 983_255000000000000_LED_2003 |7 0 |8 X |9 363704 |a BIBHIS |b BIBHIS |d 2019-11-21 |i 388192K |l 1 |o 983.255 LED 2003 |p 388192K |r 2024-01-30 |s 2023-06-06 |w 2019-11-21 |y BK_X |k HIS | ||
| 952 | |0 0 |1 0 |4 0 |6 983_255000000000000_LED_2003 |7 0 |8 X |9 363705 |a BIBHIS |b BIBHIS |d 2019-11-21 |i 3881938 |o 983.255 LED 2003 |p 3881938 |r 2024-01-30 |w 2019-11-21 |y BK_X |k HIS | ||
| 952 | |0 0 |1 0 |4 0 |6 983_255000000000000_LED_2003 |7 0 |8 A |9 363706 |a BIBEDU |b BIBEDU |d 2019-11-21 |i 3881954 |l 1 |o 983.255 LED 2003 |p 3881954 |q 2025-05-12 |r 2025-04-25 |s 2025-04-25 |w 2019-11-21 |y BK |k MUS | ||
| 952 | |0 0 |1 0 |4 0 |6 983_255000000000000_LED_2003 |7 0 |8 A |9 363707 |a BIBEDU |b BIBEDU |d 2019-11-21 |i 3881962 |l 1 |o 983.255 LED 2003 |p 3881962 |r 2023-10-12 |s 2023-09-28 |w 2019-11-21 |y BK |k BME | ||
| 952 | |0 0 |1 0 |4 0 |6 983_255000000000000_LED_2003 |7 0 |8 A |9 363708 |a BIBING |b BIBING |d 2019-11-21 |i 3881970 |o 983.255 LED 2003 |p 3881970 |r 2025-01-20 |w 2019-11-21 |y BK |k ING | ||
| 952 | |0 0 |1 0 |4 0 |6 983_255000000000000_LED_2003 |7 0 |8 A |9 363709 |a BIBART |b BIBART |d 2019-11-21 |i 3881989 |o 983.255 LED 2003 |p 3881989 |r 2023-01-11 |w 2019-11-21 |y BK |k ART | ||
| 952 | |0 0 |1 0 |4 0 |6 983_255000000000000_LED_2003 |7 0 |8 R |9 363710 |a BIBARQ |b BIBARQ |d 2019-11-21 |i 3881997 |l 2 |o 983.255 LED 2003 |p 3881997 |r 2025-01-20 |s 2023-06-06 |w 2019-11-21 |y BK_R |k ARQ | ||
| 952 | |0 0 |1 0 |4 0 |6 983_255000000000000_LED_2003 |7 0 |8 X |9 363711 |a BIBHIS |b BIBHIS |d 2019-11-21 |i 389097K |o 983.255 LED 2003 |p 389097K |r 2024-01-30 |w 2019-11-21 |y BK_X |k HIS | ||
| 952 | |0 0 |1 0 |4 0 |6 983_255000000000000_LED_2003 |7 0 |8 X |9 363712 |a FDOMLP |b FDOMLP |d 2019-11-21 |i 3901521 |o 983.255 LED 2003 |p 3901521 |r 2019-11-21 |w 2019-11-21 |y BK_X |k BU2 | ||
| 952 | |0 0 |1 0 |4 0 |6 983_255000000000000_LED_2003 |7 0 |8 X |9 363713 |a FDOBUD |b FDOBUD |d 2019-11-21 |i 1083120 |o 983.255 LED 2003 |p 1083120 |r 2019-11-21 |w 2019-11-21 |y BK_X |k BUD | ||
| 952 | |0 0 |1 0 |4 0 |6 983_255000000000000_LED_2003 |7 0 |8 X |9 363714 |a FDOBUD |b FDOBUD |d 2019-11-21 |i 1085174 |o 983.255 LED 2003 |p 1085174 |r 2019-11-21 |w 2019-11-21 |y BK_X |k BUD | ||
| 952 | |0 0 |1 0 |4 0 |6 983_255000000000000_LED_2003 |7 0 |8 A |9 363719 |a FDOPOS |b FDOPOS |d 2019-11-21 |i 4753348 |o 983.255 LED 2003 |p 4753348 |r 2025-01-22 |w 2019-11-21 |y BK |k DLH | ||
| 952 | |0 0 |1 0 |3 erb |4 0 |6 983_255000000000000_LED_2003 |7 0 |8 A |9 363720 |a BIBGIM |b BIBGIM |i 5434521 |l 3 |o 983.255 LED 2003 |p 5434521 |r 2025-01-15 |s 2023-08-09 |w 2019-11-21 |y BK |z Catalogado en:20171111 |k SSL | ||